00438nam a2200145Ia 4500008004100000020001800041082001500059100003100074245001500105260001200120500000900132942000700141952012900148999001500277260604s9999 xx 000 0 und d a9780141396460 a822.33 SHA aWilliam shakespeare935939 0aKing Lear. bPenguin aKing cBK 00104070aIIMVbIIMVcGENERALd2026-06-04g499.00l0o822.33 SHAp004397r2026-06-04 10:21:36v499.00w2026-06-04yBKBSHA c8779d8779